Sociálny štát a jeho aplikácia vo vybraných krajinách EÚ diplomová práca

Salvato in:
Dettagli Bibliografici
Autore principale: Čechová, Lucia
Ente Autore: Národohospodárska fakulta EU. Katedra sociálneho rozvoja a práce
Altri autori: Přívara, Andrej, 1983-
Natura: Libro
Lingua:slovacco
Pubblicazione: Bratislava 2018
Tags: Aggiungi Tag
Nessun Tag, puoi essere il primo ad aggiungerne!!

MARC

LEADER 00000nbm a2200000 4500
001 0244379
005 20181114082004.5
041 0 |a slo 
044 |a SK 
245 1 0 |a Sociálny štát a jeho aplikácia vo vybraných krajinách EÚ  |b diplomová práca  |c Lucia Čechová ; školiteľ: Andrej Přívara 
264 1 |a Bratislava  |c 2018 
300 |a 52 s. 
100 1 |a Čechová, Lucia 
700 1 |a Přívara, Andrej, 1983- 
710 2 |a Národohospodárska fakulta EU. Katedra sociálneho rozvoja a práce